Loading...
Fine Arts - Classical Music | 0 | 8 | 0 | 2 | 80 | 78 | 117.50 | 0 | 1 |
Social Science | 0 | 6 | 0 | 0 | 60 | 126 | 137.33 | 0 | 0 |
Philosophy | 0 | 5 | 0 | 0 | 50 | 98 | 129.60 | 0 | 0 |
Literature - European Literature | 0 | 4 | 0 | 0 | 40 | 141 | 154.75 | 0 | 0 |
Fine Arts - Other Fine Arts | 0 | 4 | 0 | 2 | 40 | 76 | 121.25 | 0 | 0 |
Religion | 0 | 4 | 0 | 2 | 40 | 138 | 142.75 | 0 | 0 |
Science - Biology | 0 | 3 | 0 | 0 | 30 | 78 | 109.33 | 0 | 0 |
Literature - American Literature | 0 | 3 | 0 | 0 | 30 | 107 | 136.33 | 0 | 0 |
Science - Other Science | 0 | 3 | 1 | 0 | 25 | 84 | 105.67 | 0 | 1 |
Literature - World Literature | 0 | 2 | 0 | 0 | 20 | 148 | 151.50 | 0 | 0 |
History - American History | 0 | 2 | 0 | 0 | 20 | 112 | 125.50 | 0 | 0 |
Current Events | 0 | 2 | 0 | 1 | 20 | 91 | 109.00 | 0 | 1 |
Science - Chemistry | 0 | 2 | 0 | 0 | 20 | 118 | 128.50 | 0 | 0 |
Literature - British Literature | 0 | 2 | 0 | 0 | 20 | 99 | 118.50 | 0 | 0 |
Fine Arts - Painting & Sculpture | 0 | 2 | 1 | 0 | 15 | 127 | 131.00 | 0 | 0 |
Other Academic | 0 | 1 | 0 | 0 | 10 | 138 | 138.00 | 0 | 0 |
History - World History | 0 | 1 | 0 | 0 | 10 | 131 | 131.00 | 0 | 0 |
Geography | 0 | 1 | 0 | 0 | 10 | 112 | 112.00 | 0 | 0 |
Science - Physics | 0 | 1 | 0 | 0 | 10 | 126 | 126.00 | 0 | 0 |
History - Other History | 0 | 1 | 1 | 1 | 5 | 148 | 148.00 | 0 | 0 |
Mythology | 0 | 0 | 1 | 0 | -5 | 0.00 | 0 | 0 |